Real Madrid Squad 2020/21 - Statistics

General Stats
  • This quiz has been taken 103 times
  • The average score is 20 of 22
Answer Stats
Number Position Nation Player % Correct
1 GK Belgium Thibaut Courtois
99%
10 MF Croatia Luka Modric
98%
4 DF Spain Sergio Ramos
97%
8 MF Germany Toni Kroos
97%
9 FW France Karim Benzema
95%
2 DF Spain Daniel Carvajal
94%
12 DF Brazil Marcelo
94%
5 DF France Raphael Varane
93%
14 MF Brazil Casemiro
91%
7 FW Belgium Eden Hazard
91%
25 FW Brazil Rodrygo
91%
20 FW Brazil Vinicius Junior
91%
13 GK Ukraine Andriy Lunin
90%
15 MF Uruguay Federico Valverde
90%
11 FW Spain Marco Asensio
90%
3 DF Brazil Eder Militao
88%
23 DF France Ferland Mendy
88%
6 DF Spain Nacho Fernandez
87%
24 FW Dominican Republic Mariano Diaz
84%
17 FW Spain Lucas Vazquez
83%
22 MF Spain Isco
79%
19 DF Spain Alvaro Odriozola
51%
No matching quizzes found
Score Distribution
Percent of People with Each Score
Percentile by Number Answered
Your Score History
You have not taken this quiz